000 00267nam a2200109Ia 4500
001 1272259
005 20260417151425.0
008 260417s9999 xx 000 0 und d
020 _a9786256495562
245 0 _aOn Dört Kurt
_cCatherine Barr
260 _bKetebe Çocuk
999 _c1272259
_d1272259